000 01199cam a2200277 4500
001 ##M2185
002 ##1866
008 090401t1996 xxu||||| |||| 00| 0 eng d
035 _a(Sirsi) u37027
041 0 _aeng
050 0 4 _a331.2 $2 18
090 _aRICS 1996/73ABCD
110 2 _aRoyal Institution of Chartered Surveyors
_94900
245 0 0 _aAgreement between the landlord and the agent setting out the terms of appointment for the management of property
260 _aLondon
_bRICS
_c1996
300 _a11p.
_c30cm.
350 _a6.99
490 0 _aRICS Guidance Note
490 0 _aRICS Stationery
520 _aIncludes detailed explanations of the terms of engagement including the service to be provided by the agent; what the agent is authorized to do; communication; undertakings by the client; the remuneration liability of the agent; and arbitration.
520 _aARCHIVED Current edition of form of agreement available as part of ISurv subscription or can be purchased as a one off purchase from RICS Online shop 0247 686 8502 http://www.rics.org/uk/shop/
651 4 _aEngland and Wales
_y1543-
690 _aBlock management
_96220
942 _n0
948 _c04/03/1997
999 _c90422
_d90422